| 000 | 01226cam a2200325 4500 | ||
|---|---|---|---|
| 001 | 4610145 | ||
| 003 | OSt | ||
| 005 | 20110721094738.0 | ||
| 008 | 720320s1971 enkk 001 0 eng | ||
| 010 | _a 76889352 | ||
| 015 | _aB71-28410 | ||
| 020 | _a0406290601 | ||
| 040 |
_aDLC _cDLC _dDLC |
||
| 043 | _ae-uk--- | ||
| 050 | 0 | 0 |
_aKD512 _b.M38 1971 |
| 082 | 0 | 0 | _a347/.017 MAT |
| 100 | 1 |
_aMatthews, Edwin James Thomas. _91863 |
|
| 245 | 1 | 0 |
_aLegal aid and advice under the Legal aid acts 1949 to 1964, _cby E. J. T. Matthews and A. D. M. Oulton, in consultation with Seton Pollock. |
| 260 |
_aLondon, _bButterworths, _c1971. |
||
| 300 |
_alii, 555 p.; _bforms. _c26 cm. |
||
| 350 | _a£9.50 | ||
| 500 | _a"Legal aid and advice act 1949:" p. [461]-484. | ||
| 650 | 0 |
_aLegal aid _zGreat Britain. _91864 |
|
| 700 | 1 |
_aOulton, A. D. M. _q(Anthony Derek Maxwell) _91865 |
|
| 710 | 1 | 2 |
_aGreat Britain. _kLaws, statutes, etc. _tLegal aid and advice act 1949. 1971. _91866 |
| 906 |
_a7 _bcbc _corignew _d3 _encip _f19 _gy-gencatlg |
||
| 942 |
_2ddc _cBK |
||
| 999 |
_c646 _d646 |
||